000
00299nam a22001337a 4500
008
181107b xxu||||| |||| 00| 0 eng d
020
_a
9780716777922
041
_a
eng
080
_2
4 th
_a
531
100
_a
42
101
_a
GEO
245
_a
World Regional Geography
_c
Alex.P
942
_2
udc
_c
BK
999
_c
52105
_d
52105